000 00984na a2200277 4500
001 24201
003 MIRAKIL
005 20181213155331.0
008 180613b tu 000 0
040 _aMilas
_btur
_cTR-AnCHP
041 _atur
082 _a353.04
_bT96 2015
090 _a353.04 T96 2015
110 _aTürkiye Cumhuriyeti Başbakanlık
245 _aBaşbakan sayın Ahmet Davutoğlu tarafından Türkiye Büyük Millet Meclisine Sunulan 64. Hükümet programı
_bBaşbakan Ahmet Davutoğlu
_c Ahmet Davutoğlu
246 _a64.hükümet programı
260 _aAnkara
_bBaşbakanlık
_c2015
300 _a158 s.
_c24 sm.
610 _aHükümet, 64.
_xProgramlar, 2015
610 _aAdalet ve Kalkınma Partisi (AKP)
_xHükümet programı
650 _a64. Hükümet
_yHükümet programı
650 _aSiyaset ve yönetim
_xHükümet programları, 2015
_zTürkiye
657 _a64. hükümet programı
700 _aDavutoğlu, Ahmet
942 _2ddc
_cBKS
999 _c10722
_d10722